[Event "Open A"]
[Site "Zagreb CRO"]
[Date "2009.03.25"]
[Round "5"]
[White "Brumen,D"]
[Black "Bender,I"]
[Result "0-1"]
[WhiteElo "2359"]
[BlackElo "2277"]

1.d4 Nf6 2.c4 e6 3.Nc3 Bb4 4.Qc2 O-O 5.a3 Bxc3+ 6.Qxc3 b6 7.Bg5 h6 8.Bh4 Bb7
9.Nf3 d6 10.e3 Nbd7 11.Nd2 Qe8 12.f3 c5 13.Bd3 cxd4 14.exd4 Rc8 15.O-O Nd5
16.Qb3 Nf4 17.Bg3 e5 18.Bxf4 exf4 19.Ne4 Bxe4 20.fxe4 g5 21.Rae1 Qe6 22.Qd1 Rfe8
23.b3 Nf6 24.h3 Nd7 25.Rf2 Qf6 26.Bb1 Qg7 27.Ref1 Re7 28.Rd2 Rce8 29.Qf3 Nf8
30.b4 Rc8 31.Ba2 Qg6 32.Re1 Rce8 33.Bb1 Qe6 34.Qd3 Rc7 35.Rc1 Rec8 36.Ba2 Nd7
37.Re1 Qg6 38.g3 fxg3 39.Qxg3 Nf6 40.Qxd6 Rd7 41.Qh2 Nxe4 42.Rd3 Nf6 43.Bb1 Qg7
44.Qe5 Rdd8 45.Rf1 Nh5 46.Re3 Rxd4 47.Qxg7+ Kxg7 48.Re7 Nf4 49.Rxa7 Nxh3+
50.Kh1 Nf4 51.Ba2 Rd2 52.Bb3 Rb2 53.Ba4 Rxc4 54.Be8 Rcc2 55.Rxf7+ Kg8 56.R7xf4 Rh2+  0-1

[Event "Battle of the GMs"]
[Site "Dapitan PHI"]
[Date "2009.03.27"]
[Round "5"]
[White "Laylo,D"]
[Black "Antonio,R"]
[Result "1/2-1/2"]
[WhiteElo "2504"]
[BlackElo "2519"]

1.d4 Nf6 2.c4 e6 3.Nc3 Bb4 4.Qc2 O-O 5.a3 Bxc3+ 6.Qxc3 b5 7.cxb5 c6 8.Bg5 cxb5
9.e3 Bb7 10.Nf3 a6 11.Bd3 d6 12.O-O Nbd7 13.Rac1 Qb6 14.Bxf6 Nxf6 15.Qc7 Qxc7
16.Rxc7 Rab8 17.Rfc1 Nd5 18.R7c2 Rfc8 19.Nd2 Kf8 20.Be4 Rxc2 21.Rxc2 Nf6
22.Bxb7 Rxb7 23.Rc6 Ke7 24.Kf1 Ra7 25.Rc8 Kd7 26.Rf8 Ke7 27.Rc8 Kd7 28.Rf8 Ke7
29.Rc8  1/2-1/2

[Event "Open A"]
[Site "Zagreb CRO"]
[Date "2009.03.28"]
[Round "8"]
[White "Zaja,I"]
[Black "Cebalo,M"]
[Result "1/2-1/2"]
[WhiteElo "2447"]
[BlackElo "2509"]

1.d4 Nf6 2.c4 e6 3.Nc3 Bb4 4.Qc2 O-O 5.a3 Bxc3+ 6.Qxc3 b6 7.Bg5 Bb7 8.f3 d6
9.e3 Nbd7 10.Bd3 c5 11.Ne2 Rc8 12.Qd2 h6 13.Bh4 Re8 14.O-O Ba6 15.Rac1 d5
16.cxd5 Bxd3 17.Qxd3 exd5 18.Nc3 cxd4 19.Qxd4 Rc4 20.Bxf6 Nxf6 21.Qd3 Qc8
22.Rcd1 Qc5 23.Rfe1 a5 24.Nxd5 Nxd5 25.Qxd5 Rxe3  1/2-1/2

[Event "Battle of the GMs"]
[Site "Dapitan PHI"]
[Date "2009.03.29"]
[Round "8"]
[White "Laylo,D"]
[Black "Torre,E"]
[Result "1/2-1/2"]
[WhiteElo "2504"]
[BlackElo "2560"]

1.d4 Nf6 2.c4 e6 3.Nc3 Bb4 4.Qc2 O-O 5.a3 Bxc3+ 6.Qxc3 d6 7.g3 Bd7 8.Bg2 Bc6
9.Nf3 Be4 10.O-O Nbd7 11.b3 Re8 12.Bb2 c6 13.Rfe1 d5 14.a4 h6 15.a5 a6 16.Rad1 Rc8
17.c5 Nf8 18.Bc1 Ng6 19.Bf1 Bf5 20.Ne5 Nxe5 21.dxe5 Nd7 22.f3 Qc7 23.e4 Bh7
24.exd5 cxd5 25.b4 Nb8 26.Bd3 Bxd3 27.Rxd3 Nc6 28.f4 Rcd8 29.Bd2 d4 30.Qc4 Rd5
31.Rb1 Na7 32.Rxd4 Rxd4 33.Qxd4 Rd8 34.Qe3 Qd7 35.Be1 Qd5 36.Rb2 Nc6 37.Rd2 Nd4
38.Rf2 Qc4 39.Kg2 Nf5 40.Qe2 Qb3 41.Qf3 Rd3 42.Qxb7 Ne3+ 43.Kh3 Qd1 44.Qa8+ Kh7
45.Qf3 Qxe1 46.c6 Qc3 47.c7 g6 48.Qb7 Nf5 49.Rg2 Ne7 50.c8=Q Qxc8 51.Qxe7 Kg7
52.Qa7 Qc4 53.Rf2 Rb3 54.Qe7 Rd3 55.Qa7 Rd5 56.Qb6 Qd3 57.Qa7 h5 58.Qe7 Qf5+
59.Kg2 Qe4+ 60.Kh3  1/2-1/2

[Event "Open A"]
[Site "Zagreb CRO"]
[Date "2009.03.29"]
[Round "9"]
[White "Simutowe,A"]
[Black "Petkov,V"]
[Result "1-0"]
[WhiteElo "2485"]
[BlackElo "2504"]

1.d4 Nf6 2.c4 e6 3.Nc3 Bb4 4.Qc2 O-O 5.a3 Bxc3+ 6.Qxc3 b6 7.Bg5 Ba6 8.Qf3 Nc6
9.e3 Na5 10.e4 h6 11.h4 Re8 12.e5 hxg5 13.hxg5 Nh7 14.Qh3 Qxg5 15.Qxh7+ Kf8
16.Nf3 Qf5 17.Qxf5 exf5 18.Rc1 Bb7 19.Be2 Bxf3 20.Bxf3 Rab8 21.b4 Nb3 22.Rd1 c5
23.dxc5 Rxe5+ 24.Kf1 Ke7 25.cxb6 Rxb6 26.Bd5 f4 27.Rh3 Rh6 28.Rxh6 gxh6 29.c5 Na1
30.b5  1-0

[Event "Spring Open"]
[Site "Belgrade SRB"]
[Date "2009.03.31"]
[Round "9"]
[White "Maksimovic,Ma"]
[Black "Mrsa,F"]
[Result "1-0"]
[WhiteElo "2155"]
[BlackElo "2229"]

1.d4 e6 2.c4 Nf6 3.Nc3 Bb4 4.Qc2 O-O 5.a3 Bxc3+ 6.Qxc3 d6 7.Nf3 c5 8.dxc5 dxc5
9.g3 Nc6 10.Bg5 h6 11.Rd1 Qe7 12.Bf4 Rd8 13.Rxd8+ Qxd8 14.Bg2 Ne8 15.O-O f6
16.b4 e5 17.Bc1 cxb4 18.axb4 a5 19.b5 Nd4 20.Nxd4 exd4 21.Rd1 Qc7 22.Qxd4 Be6
23.Bd5 Qf7 24.Qb6 Bxd5 25.cxd5 a4 26.Ba3 Rc8 27.Qd4 Qd7 28.Qxa4 Nc7 29.d6 Ne6
30.Qb3 Kh8 31.Qd5 b6 32.Rc1 Nc5 33.Bxc5 Qxb5 34.Qb7  1-0

[Event "TCh-HUN 2008-9"]
[Site "Budapest HUN"]
[Date "2009.04.05"]
[Round "10"]
[White "Flumbort,A"]
[Black "Lorincz,I"]
[Result "1-0"]
[WhiteElo "2489"]
[BlackElo "2300"]

1.d4 Nf6 2.c4 e6 3.Nc3 Bb4 4.Qc2 O-O 5.a3 Bxc3+ 6.Qxc3 d5 7.Nf3 Nbd7 8.g3 b6
9.Bg2 Bb7 10.O-O c5 11.cxd5 Bxd5 12.b4 cxd4 13.Qxd4 Rc8 14.Bf4 Qe7 15.Qb2 h6
16.Rac1 Rfd8 17.Rfd1 Nf8 18.b5 Ng6 19.Be3 Bb7 20.Bd4 Rxc1 21.Rxc1 Ne8 22.a4 Qd7
23.Be3 Bd5 24.Rd1 Qc7 25.Qa1 Nd6 26.Bd4 f6 27.Bc3 Ne4 28.Be1 Nc5 29.Bb4 Rc8
30.Bh3 Ne7 31.Nd4 Kf7 32.Qa3 Qe5 33.f3 f5 34.Kf2 g5 35.Qe3 Qxe3+ 36.Kxe3 a5
37.bxa6 Nxa6 38.Bxe7 Kxe7 39.Nxf5+ Kf6 40.Nxh6 Rc3+ 41.Kf2 Ra3 42.Ng4+ Ke7
43.Ne5 Rxa4 44.e4 Ra2+ 45.Kg1 Bb3 46.Rd7+ Ke8 47.Rb7 Ra1+ 48.Bf1 Bd1 49.Kf2  1-0

[Event "TCh-HUN 2008-9"]
[Site "Szombathely HUN"]
[Date "2009.04.05"]
[Round "10"]
[White "Petrik,T"]
[Black "Berescu,A"]
[Result "1-0"]
[WhiteElo "2487"]
[BlackElo "2505"]

1.d4 Nf6 2.c4 e6 3.Nc3 Bb4 4.Qc2 O-O 5.a3 Bxc3+ 6.Qxc3 b6 7.Bg5 d6 8.e3 Nbd7
9.Ne2 Ba6 10.Qc2 c5 11.dxc5 bxc5 12.Nc3 Qb6 13.Be2 h6 14.Bh4 d5 15.O-O Rac8
16.Rfd1 d4 17.Na4 Qd6 18.b4 e5 19.Nxc5 Nxc5 20.bxc5 Rxc5 21.Rac1 Rfc8 22.exd4 exd4
23.Bg3 Qd7 24.Qb2 Bxc4 25.Rxd4 Qe6 26.Rdxc4 Rxc4 27.Bxc4 Rxc4 28.Qb8+ Kh7
29.Qb1+ Kg8 30.Rd1 Rc8 31.h3 Nd5 32.Re1 Qc6 33.Qf5 a6 34.Kh2 Nf6 35.Kg1 Re8
36.Rd1 Qa4 37.Rd3 Qc2 38.Kh2 Qb1 39.Rf3 Qxf5 40.Rxf5  1-0

[Event "ARCIMPEX Cup"]
[Site "Frydek Mistek CZE"]
[Date "2009.04.09"]
[Round "2"]
[White "Wiley,To"]
[Black "Michenka,J"]
[Result "1-0"]
[WhiteElo "2303"]
[BlackElo "2383"]

1.d4 Nf6 2.c4 e6 3.Nc3 Bb4 4.Qc2 O-O 5.a3 Bxc3+ 6.Qxc3 b6 7.Bg5 Bb7 8.e3 d6
9.Ne2 Nbd7 10.Qd3 h6 11.Bh4 Be4 12.Qxe4 Nxe4 13.Bxd8 Rfxd8 14.f3 Nef6 15.Nc3 c5
16.d5 e5 17.e4 Nh5 18.g3 Ndf6 19.Kf2 g6 20.Bd3 Ne8 21.Kg2 Neg7 22.Rhf1 Rd7
23.Rfb1 f5 24.b4 Nf6 25.bxc5 bxc5 26.Rb2 fxe4 27.fxe4 Rf8 28.Rab1 Ng4 29.Nd1 h5
30.Rb7 Rff7 31.Rb8+ Kh7 32.h3 Nf6 33.h4 Nge8 34.Nf2 Nc7 35.Nh3 Kg7 36.Ng5 Rfe7
37.Bc2 Na6 38.R8b2 Ng4 39.Kf3 Kh6 40.Ba4 Rd8 41.Rb7 Rf8+ 42.Ke2 Nc7 43.Rb8 Rf2+
44.Ke1 Rg2 45.Rh8+ Kg7 46.Rh7+ Kf8 47.Rb7 Rg1+ 48.Ke2 Rg2+ 49.Kf1 Ne3+ 50.Ke1 a5
51.Rxc7 Rxc7 52.Rxc7 Rg1+ 53.Ke2 Rg2+ 54.Kd3 Rd2+ 55.Kxd2  1-0

[Event "16th TCh-RUS HL"]
[Site "Dagomys RUS"]
[Date "2009.04.10"]
[Round "9"]
[White "Gladyszev,O"]
[Black "Malakhov,I"]
[Result "1/2-1/2"]
[WhiteElo "2434"]
[BlackElo "2380"]

1.d4 Nf6 2.c4 e6 3.Nc3 Bb4 4.Qc2 O-O 5.a3 Bxc3+ 6.Qxc3 d6 7.Bg5 Nbd7 8.e3 h6
9.Bh4 b6 10.Qc2 Bb7 11.Ne2 c5 12.Rd1 Qe7 13.Nc3 cxd4 14.Rxd4 Rfd8 15.Be2 e5
16.Rd1 Bxg2 17.Rg1 Bc6 18.Qf5 Kf8 19.f3 Nc5 20.Nd5  1/2-1/2

[Event "ARCIMPEX Cup"]
[Site "Frydek Mistek CZE"]
[Date "2009.04.11"]
[Round "6"]
[White "Wiley,To"]
[Black "Vesselovsky,S"]
[Result "0-1"]
[WhiteElo "2303"]
[BlackElo "2390"]

1.d4 Nf6 2.c4 e6 3.Nc3 Bb4 4.Qc2 O-O 5.a3 Bxc3+ 6.Qxc3 d6 7.Bg5 Nbd7 8.e3 b6
9.Ne2 Ba6 10.Qc2 Qc8 11.Nc3 c5 12.d5 exd5 13.cxd5 Bxf1 14.Kxf1 Qb7 15.e4 b5
16.f3 h6 17.Bh4 Rfe8 18.g4 b4 19.Nd1 Nxd5 20.exd5 Qxd5 21.Kg2 Ne5 22.Rf1 Nxg4
23.h3 b3 24.Qc3 Re2+ 25.Kg1 Rc2 26.Ne3 Nxe3 27.Qxe3 Rxb2 28.Rad1 Qc4 29.Bf2 Re2
30.Qd3 Qxd3 31.Rxd3 c4 32.Rxd6 b2 33.Rc6 Rc2 34.Be3 c3 35.Rb1 Re8  0-1

[Event "FSIMA April"]
[Site "Budapest HUN"]
[Date "2009.04.13"]
[Round "10"]
[White "Kahn,E"]
[Black "Magyar,O"]
[Result "1/2-1/2"]
[WhiteElo "2285"]
[BlackElo "2296"]

1.d4 Nf6 2.c4 e6 3.Nc3 Bb4 4.Qc2 O-O 5.a3 Bxc3+ 6.Qxc3 b6 7.Bg5 Bb7 8.e3 d6
9.Nf3 Nbd7 10.Bd3 h6 11.Bh4  1/2-1/2

[Event "16th ch-Asian Cities Dubai Cup"]
[Site "Beirut LIB"]
[Date "2009.04.17"]
[Round "2"]
[White "Mohannad,F"]
[Black "Mohamed,N"]
[Result "1-0"]
[WhiteElo "2284"]
[BlackElo "2231"]

1.d4 Nf6 2.c4 e6 3.Nc3 Bb4 4.Qc2 O-O 5.a3 Bxc3+ 6.Qxc3 b6 7.Bg5 Ba6 8.e3 d6
9.Nf3 Nbd7 10.Be2 c5 11.Qb3 cxd4 12.exd4 Rc8 13.Qa4 Bb7 14.O-O Qc7 15.Rac1 Ne4
16.Bf4 e5 17.Be3 f5 18.Rcd1 f4 19.Bc1 Nef6 20.d5 a5 21.b4 h6 22.Nh4 Ba6 23.b5 Bb7
24.g3 Ne4 25.Qc2 Ndc5 26.Bg4 Rce8 27.Bh5 g5 28.Bxe8 Rxe8 29.f3 gxh4 30.fxe4 hxg3
31.hxg3 Qg7 32.Qg2 Qxg3 33.Qxg3+ fxg3 34.Rde1 Rc8 35.Rf3 Na4 36.Ref1  1-0

[Event "16th ch-Asian Cities Dubai Cup"]
[Site "Beirut LIB"]
[Date "2009.04.18"]
[Round "3"]
[White "Mohannad,F"]
[Black "Moradiabadi,E"]
[Result "0-1"]
[WhiteElo "2284"]
[BlackElo "2526"]

1.d4 Nf6 2.c4 e6 3.Nc3 Bb4 4.Qc2 O-O 5.a3 Bxc3+ 6.Qxc3 b5 7.c5 Bb7 8.Bg5 h6
9.Bh4 g5 10.Bg3 Nc6 11.e3 b4 12.axb4 Nd5 13.Qd2 Ndxb4 14.h4 g4 15.f3 f5 16.Ne2 a5
17.Nf4 Ne7 18.h5 Qe8 19.Bh4 Ned5 20.Ng6 Nxe3 21.Rc1 f4 22.Nxf8 Qxf8 23.fxg4 Be4
24.Kf2 Qg7 25.Kg1 Qxg4 26.Rh2 Kh7 27.Be2 Qg7 28.g3 fxg3 29.Rh3 Nf5 30.Rf1 Nc6
31.Rf4 Bb1 32.Rg4 Qh8 33.Bf3 Rg8 34.Rxg8 Qxg8 35.Bxc6 Qg4 36.Bg2 Nxh4 37.Rxh4 Qxh4
38.Qe3 c6 39.d5 exd5 40.Bh3 Be4 41.Bf5+  0-1

[Event "11th Open St-Quentin en Yvelines"]
[Site "Elancourt FRA"]
[Date "2009.04.21"]
[Round "5"]
[White "Picart,L"]
[Black "Jolly,J"]
[Result "1/2-1/2"]
[WhiteElo "2148"]
[BlackElo "2392"]

1.d4 Nf6 2.c4 e6 3.Nc3 Bb4 4.Qc2 O-O 5.a3 Bxc3+ 6.Qxc3 b6 7.Bg5 Bb7 8.Nf3 d6
9.Nd2 h6 10.Bh4 Nbd7 11.f3 e5 12.e4 Re8 13.d5 c6 14.Bf2 Rc8 15.Qb3 a5 16.Be2 Ba6
17.dxc6 Rxc6 18.Qa4 Rc8 19.b4 Nh5 20.g3 g6 21.O-O Bb7 22.Rfd1 Bc6 23.Qb3 Kg7
24.Nf1 Qc7 25.Ne3 Ra8 26.Nd5 Qa7 27.bxa5 Qxa5 28.Qb4 Bxd5 29.cxd5 Nc5 30.Bb5 Re7
31.Bc6 Ra6 32.Qxa5 Rxa5 33.Rab1 Rxa3 34.Rxb6 Nd3 35.Bb5 Nxf2 36.Kxf2 Rb3
37.Rd3 Rb2+ 38.Ke3 f5 39.exf5 gxf5 40.Rd2 Rb4 41.Kd3 Nf6 42.Kc3 Rb1 43.Kc2 Rb4
44.Kc3  1/2-1/2

[Event "Algimantas Cesnauskas Mem"]
[Site "Panevezys LAT"]
[Date "2009.04.24"]
[Round "6"]
[White "Labeckas,K"]
[Black "Akesson,R"]
[Result "1-0"]
[WhiteElo "2337"]
[BlackElo "2493"]

1.d4 Nf6 2.c4 e6 3.Nc3 Bb4 4.Qc2 O-O 5.a3 Bxc3+ 6.Qxc3 b6 7.Bg5 Bb7 8.e3 d6
9.f3 Nbd7 10.Bd3 c5 11.dxc5 Nxc5 12.Bc2 Rc8 13.Bxf6 Qxf6 14.Qxf6 gxf6 15.Rd1 Rfd8
16.Ne2 a5 17.Kf2 Kf8 18.Rd4 Ke7 19.Rhd1 a4 20.Nc3 Bc6 21.Rh4 Rh8 22.Rh6 f5
23.Rd4 Rcg8 24.Rdh4 Rg7 25.h3 Rhg8 26.g4 fxg4 27.hxg4 f5 28.Rxh7 fxg4 29.Rxg7+ Rxg7
30.Rxg4 Rxg4 31.fxg4 Kf6 32.Kg3 Kg5 33.Bd1 Be8 34.Bf3 Bd7 35.Ne4+ Nxe4+ 36.Bxe4 e5
37.Bf3 Be6 38.Be2 Bd7 39.Bd1 Bc6 40.Kf2 Bd7 41.Ke1 Bxg4 42.Bxa4 Be6 43.Bb5 Kf6
44.b4 Ke7 45.Kd2 Kd8 46.Kc3 Kc7 47.a4 Kb7 48.a5 Bf7 49.Bd7 Ka6 50.Bc8+ Ka7
51.a6 Bg8 52.Bb7 Bf7 53.b5 Be6 54.Kd3 Bf5+ 55.e4 Be6 56.Bd5  1-0

[Event "zt 3.5 Men"]
[Site "Beijing CHN"]
[Date "2009.04.25"]
[Round "8"]
[White "Zhou Weiqi"]
[Black "Xiu Deshun"]
[Result "1-0"]
[WhiteElo "2563"]
[BlackElo "2422"]

1.d4 Nf6 2.c4 e6 3.Nc3 Bb4 4.Qc2 O-O 5.a3 Bxc3+ 6.Qxc3 b6 7.Bg5 Bb7 8.e3 d6
9.Ne2 Nbd7 10.Rd1 Ne4 11.Bxd8 Nxc3 12.Nxc3 Rfxd8 13.f3 Nf6 14.Kf2 h5 15.Be2 g6
16.e4 Kf8 17.Rd2 Ke7 18.Rhd1 h4 19.d5 e5 20.b4 Nd7 21.Rc1 f5 22.Bd3 Rf8 23.h3 a5
24.Ke3 Kd8 25.Rb2 Bc8 26.Bc2 axb4 27.axb4 Ra3 28.Rb3 Rxb3 29.Bxb3 Nb8 30.Ra1 Na6
31.Ra4 Bb7 32.f4 exf4+ 33.Kf2 Re8 34.Bc2 fxe4 35.Nxe4 Re5 36.b5 Nb8 37.Ra7 Kc8
38.Nf6 Rg5 39.Bd1 f3 40.gxf3 Rf5 41.Ng4 Rf4 42.Bc2 Rxc4 43.Bxg6 Bxd5 44.Ne3 Rc5
45.Bf5+ Kd8 46.Ra4 Rxb5 47.Rxh4 Nc6 48.Rh8+ Ke7 49.Nxd5+ Rxd5 50.Rh7+ Kd8
51.Rh8+ Ke7 52.Rh7+ Kd8 53.Be4 Rc5 54.h4 d5 55.Bg6 Ne5 56.Bf5 Rc3 57.Bg4 b5
58.Rh5 Nxg4+ 59.fxg4 c6 60.Re5 b4 61.g5 b3 62.g6 b2 63.g7 b1=Q 64.g8=Q+ Kc7
65.Re7+ Kd6 66.Re6+ Kc7 67.Qg7+ Kd8 68.Rd6+ Kc8 69.Qh8+  1-0

[Event "zt 3.5 Men"]
[Site "Beijing CHN"]
[Date "2009.04.27"]
[Round "10"]
[White "Zhou Weiqi"]
[Black "Zhou Jianchao"]
[Result "1/2-1/2"]
[WhiteElo "2563"]
[BlackElo "2635"]

1.d4 Nf6 2.c4 e6 3.Nc3 Bb4 4.Qc2 O-O 5.a3 Bxc3+ 6.Qxc3 b6 7.Bg5 Bb7 8.e3 d6
9.Ne2 Nbd7 10.Rd1 Qc8 11.Qc2 c5 12.Nc3 cxd4 13.Rxd4 Qc5 14.Bh4 d5 15.cxd5 Nxd5
16.Rc4 Qa5 17.Ra4 Qc5 18.Rc4 Qa5 19.Ra4  1/2-1/2

[Event "XXII Open"]
[Site "Benidorm ESP"]
[Date "2009.04.28"]
[Round "5"]
[White "Al Sayed,Mohamad"]
[Black "Suba,M"]
[Result "0-1"]
[WhiteElo "2496"]
[BlackElo "2542"]

1.d4 Nf6 2.c4 e6 3.Nc3 Bb4 4.Qc2 O-O 5.a3 Bxc3+ 6.Qxc3 Ne4 7.Qc2 f5 8.g3 Nc6
9.Nf3 Qf6 10.d5 Ne7 11.dxe6 d6 12.Bg2 Bxe6 13.O-O Nc6 14.b3 Rae8 15.Bb2 Qf7
16.Rac1 a5 17.Nd2 d5 18.Nxe4 fxe4 19.e3 dxc4 20.Bxe4 cxb3 21.Bxh7+ Kh8 22.Qd3 Bh3
23.Be4 Bxf1 24.Rxf1 Ne5 25.Qd1 Nc4 26.Bd5 Nxb2 27.Qxb3 Qf6 28.Qxb7 Qb6 29.Qxb6 cxb6
30.Rb1 Na4 31.Bc6 Nc3 32.Rb3 Rc8  0-1

[Event "IV Tch-ESP Selecciones Autonomicas"]
[Site "Villava ESP"]
[Date "2009.04.30"]
[Round "1"]
[White "Alonso Rosell,A"]
[Black "Diaz Herrero,A"]
[Result "1-0"]
[WhiteElo "2442"]
[BlackElo "2121"]

1.d4 Nf6 2.c4 e6 3.Nc3 Bb4 4.Qc2 O-O 5.a3 Bxc3+ 6.Qxc3 b5 7.cxb5 c6 8.Bg5 cxb5
9.Nf3 Bb7 10.e3 a6 11.Bd3 Nc6 12.O-O Rc8 13.Qd2 Ne7 14.Bxf6 gxf6 15.e4 Kg7
16.a4 Ra8 17.Rfc1 Ng6 18.Rc5 d5 19.e5 fxe5 20.Nxe5 Qd6 21.Qe3 b4 22.Qg3 f6
23.Bxg6 fxe5 24.Bd3+ Kh8 25.Re1 Rf4 26.dxe5 Qxc5 27.Qxf4 Rf8 28.Rc1 Qe7 29.Rc7 Rxf4
30.Rxe7 Rd4 31.Rxh7+ Kg8 32.Rh3 b3 33.Be2 Rxa4 34.Rg3+ Kf8 35.h4 Re4 36.Rxb3 Rxe2
37.Rxb7 Re1+ 38.Kh2 Rxe5 39.Kg3 Re1 40.Ra7 d4 41.Rxa6 Ke7 42.Ra3 Re2 43.Rd3 e5
44.b3 Rc2 45.Kf3 Ke6 46.g4 Kd5 47.Rd1 e4+ 48.Kg3 Rc3+ 49.Kg2 Rxb3 50.h5 Rb2
51.Kg3 Rb3+ 52.Kh4 Rb2 53.Rf1 Ke5 54.Kg5 d3 55.h6 Rb8 56.h7 Kd4 57.Kh6 d2
58.g5 Ke5 59.g6 Kf5 60.Rd1 Rd8 61.Rxd2  1-0

[Event "Heroes Day Cup Candidates"]
[Site "Bridgetown BAR"]
[Date "2009.05.01"]
[Round "5"]
[White "Harewood,O"]
[Black "Halliday,L"]
[Result "1-0"]
[WhiteElo "1933"]
[BlackElo "2024"]

1.d4 Nf6 2.c4 e6 3.Nc3 Bb4 4.Qc2 O-O 5.e4 c5 6.Nf3 cxd4 7.Nxd4 Bxc3+ 8.bxc3 Qa5
9.Bd3 Nc6 10.O-O Ne5 11.Be2 d5 12.Bf4 Nxc4 13.e5 Ne4 14.Bxc4 Qc5 15.Bd3 Nxc3
16.Be3  1-0

[Event "2nd Mayors Cup"]
[Site "Mumbai IND"]
[Date "2009.05.01"]
[Round "11"]
[White "Kulkarni,R"]
[Black "Sharma,Di"]
[Result "0-1"]
[WhiteElo "2166"]
[BlackElo "2382"]

1.d4 Nf6 2.c4 e6 3.Nc3 Bb4 4.Qc2 O-O 5.Bg5 d5 6.Nf3 h6 7.Bh4 c5 8.e3 Nc6
9.Bxf6 Qxf6 10.dxc5 dxc4 11.Bxc4 Bxc5 12.O-O-O Qe7 13.g4 b5 14.Bxb5 Nb4 15.Qe2 Rb8
16.g5 h5 17.Ne5 Qc7 18.f4 Bxe3+ 19.Kb1 Bxf4 20.Nc4 Bb7 21.Rhf1 Rfd8 22.g6 Rxd1+
23.Rxd1 Bd5 24.a3 a6 25.gxf7+ Qxf7 26.Ba4 Bh6 27.axb4 Bf3 28.Qe5 Bf4 29.Rd7 Qg6+
30.Bc2 Qg1+ 31.Rd1 Qxd1+ 32.Bxd1 Bxe5 33.Bxf3 Bxh2 34.Bxh5 Rxb4 35.Nd2 Kf8
36.Nde4 Ke7 37.Kc2 Be5 38.Be2 Bxc3 39.Nxc3 a5 40.b3 Rd4 41.Nb5 Rf4 42.Kd3 Rb4
43.Kc2 Rh4 44.Kc3 g5 45.Nd4 Kd6 46.Bc4 Rh3+ 47.Kd2 e5 48.Nf5+ Kc5 49.Ke2 a4
50.Ne3 Kd4 51.Nf5+ Kc3 52.Be6 a3 53.b4 Kxb4 54.Ne3 Rh2+ 55.Kd3 a2 56.Bxa2 Rxa2
57.Ng4 Kc5 58.Nxe5 Kd5 59.Nc4 Ra6 60.Nd2 Ke5 61.Ke3 Ra3+ 62.Kf2 Kf4 63.Nf1 g4
64.Kg1 Ra2 65.Nh2 Rb2 66.Kh1 g3 67.Nf1 g2+  0-1

[Event "4NCL 2008-9"]
[Site "Staverton ENG"]
[Date "2009.05.02"]
[Round "9"]
[White "Pixton,A"]
[Black "Morrison,G SCO"]
[Result "1-0"]
[WhiteElo "2462"]
[BlackElo "2347"]

1.d4 e6 2.c4 Nf6 3.Nc3 Bb4 4.Qc2 O-O 5.e4 d6 6.Bd3 e5 7.d5 a5 8.Ne2 Nbd7
9.Ng3 Nc5 10.O-O Nxd3 11.Qxd3 Bc5 12.h3 Ne8 13.Be3 Bxe3 14.Qxe3 Bd7 15.Nce2 b6
16.f4 exf4 17.Rxf4 Qg5 18.h4 Qe5 19.Raf1 g6 20.Qf2 f6 21.Nd4 a4 22.h5 Rc8
23.hxg6 hxg6 24.Rh4 Ng7 25.Nf3 Qe8 26.Rh6 f5 27.exf5 Bxf5 28.Qd4 Qe7 29.Nxf5 gxf5
30.Re1 Qd8 31.Rg6 Qd7 32.Ng5 f4 33.Ne6 Rf7 34.Re4 c5 35.dxc6 Rxc6 36.Rxf4 Qxe6
37.Rxe6 Nxe6 38.Rg4+ Ng7 39.Rxg7+ Rxg7 40.Qd5+  1-0

[Event "GM"]
[Site "Ostrava CZE"]
[Date "2009.05.04"]
[Round "2"]
[White "Laznicka,V"]
[Black "Hracek,Z"]
[Result "1/2-1/2"]
[WhiteElo "2598"]
[BlackElo "2604"]

1.d4 Nf6 2.c4 e6 3.Nc3 Bb4 4.Qc2 O-O 5.a3 Bxc3+ 6.Qxc3 d5 7.Nf3 dxc4 8.Qxc4 b6
9.Bg5 Ba6 10.Qc2 h6 11.Bh4 c5 12.dxc5 bxc5 13.Rd1 Qa5+ 14.Qd2 Nc6 15.Bxf6 gxf6
16.Qxa5 Nxa5 17.e3 Bxf1 18.Rxf1 Rab8 19.Rb1 Nc4 20.Ke2 Nxb2 21.Rfc1 Rb5 22.Nd2 Rfb8
23.Rc2 Na4 24.Rbc1 Ra5 25.Nc4 Ra6 26.Rd1 Nb6 27.Rb1 Rd8 28.Rb5 Nxc4 29.Rxc4 Rxa3
30.Rbxc5 Ra2+ 31.Rc2 Rxc2+ 32.Rxc2 a5 33.Ra2 Ra8 34.Ra4 f5 35.Kf3 Kg7 36.Kg3 Kf6
37.Kh4 e5 38.Kh5 Kg7 39.f3 Ra6 40.h4 Ra8 41.g4 fxg4 42.fxg4 Ra6 43.e4 Ra8
44.g5 Ra6 45.Kg4 Kg6 46.h5+ Kg7 47.Kf5 hxg5 48.Kxg5 f6+ 49.Kf5 Kh7 50.Ra2 a4
51.Ra3 Kh6 52.Kg4 Kg7 53.Kf5 Kf7 54.h6 Ra8 55.Rc3 a3 56.Rc7+ Kg8 57.Kg6 a2
58.Rg7+ Kh8  1/2-1/2

[Event "Moscow Region Spring GM"]
[Site "Serpukhov RUS"]
[Date "2009.05.04"]
[Round "7"]
[White "Savina,A"]
[Black "Lomako,P"]
[Result "1/2-1/2"]
[WhiteElo "2258"]
[BlackElo "2417"]

1.d4 Nf6 2.c4 e6 3.Nc3 Bb4 4.Qc2 O-O 5.a3 Bxc3+ 6.Qxc3 b6 7.Nf3 Bb7 8.e3 d6
9.Be2 Nbd7 10.b4 Ne4 11.Qc2 f5 12.O-O Rf6 13.d5 exd5 14.Bb2 Rg6 15.Rad1 c5
16.cxd5 Qe7 17.b5 Ng5 18.Nxg5 Qxg5 19.g3 Rh6 20.Bd3 Qh5  1/2-1/2

[Event "Copenhagen Chess Challenge"]
[Site "Ballerup DEN"]
[Date "2009.05.07"]
[Round "2"]
[White "Hove,E"]
[Black "Brynell,S"]
[Result "0-1"]
[WhiteElo "2294"]
[BlackElo "2463"]

1.d4 Nf6 2.c4 e6 3.Nc3 Bb4 4.Qc2 O-O 5.Nf3 c5 6.dxc5 Na6 7.a3 Bxc3+ 8.Qxc3 Nxc5
9.b4 Nce4 10.Qd4 d6 11.Ng5 e5 12.Qb2 a5 13.f3 Nxg5 14.Bxg5 axb4 15.Qxb4 Be6
16.e4 Qc7 17.Be2 Rfc8 18.O-O Nd7 19.Be3 Nc5 20.Rfc1 Ra4 21.Qb2 Rca8 22.h3 R4a6
23.Rcb1 Bd7 24.Kh2 Bc6 25.Bd2 Qe7 26.Bb4 Rf8 27.Qd2 h5 28.Bd1 Rb8 29.Bc2 Bd7
30.Rb2 Be6 31.Bd3 Rc6 32.Be2 Rbc8 33.Rd1 h4 34.Qe3 Na6 35.Qd2 Nxb4 36.Qxb4 Qg5
37.Bf1 Qg3+ 38.Kg1 Bxh3 39.Qe1 Be6 40.Rxb7 Bxc4 41.Qxg3 hxg3 42.Rd7 Bxf1
43.Kxf1 Rc2 44.R7xd6 Rf2+ 45.Ke1 Rxg2 46.R6d2 Rxd2  0-1

[Event "FIDE Open"]
[Site "Ostrava CZE"]
[Date "2009.05.07"]
[Round "6"]
[White "Kravtsiv,M"]
[Black "Socko,M"]
[Result "1/2-1/2"]
[WhiteElo "2511"]
[BlackElo "2456"]

1.d4 Nf6 2.c4 e6 3.Nc3 Bb4 4.Qc2 O-O 5.e4 d5 6.e5 Ne4 7.Bd3 c5 8.Ne2 cxd4
9.Nxd4 Nc5 10.Bxh7+ Kh8 11.Be3 dxc4 12.h4  1/2-1/2

[Event "XI Open"]
[Site "Salou ESP"]
[Date "2009.05.07"]
[Round "3"]
[White "Lemos,D"]
[Black "Lopez Martinez,Josep"]
[Result "1-0"]
[WhiteElo "2511"]
[BlackElo "2557"]

1.d4 Nf6 2.c4 e6 3.Nc3 Bb4 4.Qc2 O-O 5.a3 Bxc3+ 6.Qxc3 d6 7.Bg5 Nbd7 8.e3 b6
9.Ne2 Ba6 10.Qc2 h6 11.Bh4 c5 12.dxc5 bxc5 13.Nc3 Rb8 14.O-O-O Qb6 15.Bg3 Ne5
16.Bxe5 dxe5 17.Be2 Bb7 18.f3 Bc6 19.Rd2 Rb7 20.Rhd1 Rfb8 21.Kb1 Qa5 22.Nb5 a6
23.Qc3 Qb6 24.Nd6 Rd7 25.Qxe5 Ba4 26.Rc1 Rbd8 27.Bd1 Bc6 28.Bc2 Qc7 29.Rcd1 Ne8
30.Qxc5 Rxd6 31.Rd4 Rxd4 32.Rxd4 Rc8 33.h3 Qb7 34.Qe5 Qb8 35.Qa5 Qc7 36.Qxc7 Rxc7
37.b4 Kf8 38.a4 Ke7 39.Kb2 e5 40.Rd2 Nd6 41.Bb3 Bb7 42.c5 Nc8 43.Bd5 Rd7
44.e4 Bc6 45.Kb3 Na7 46.Rd3 f5 47.g4 fxe4 48.fxe4 Kd8 49.Bc4 Bxe4 50.Rxd7+ Kxd7
51.Bxa6 Bg2 52.h4 g5 53.hxg5 hxg5 54.b5 e4 55.Kc3 e3 56.Kd3 Bf3 57.Kxe3 Bxg4
58.b6 Nc6 59.Bb5 Bh3 60.b7 Kc7 61.Bxc6 Be6 62.a5 Bc4 63.Kf3 Be6 64.Be4  1-0

[Event "TCh-ISR 2008-9"]
[Site "Israel ISR"]
[Date "2009.05.08"]
[Round "7"]
[White "Nedobora,M"]
[Black "Huzman,A"]
[Result "1/2-1/2"]
[WhiteElo "2425"]
[BlackElo "2590"]

1.d4 Nf6 2.c4 e6 3.Nc3 Bb4 4.Qc2 O-O 5.a3 Bxc3+ 6.Qxc3 d5 7.Nf3 dxc4 8.Qxc4 b6
9.Bg5 Bb7 10.Rc1 c5 11.dxc5 bxc5 12.g3 Nbd7 13.Bg2 Bd5 14.Qc2 Qb6 15.Bxf6 Nxf6
16.O-O Be4 17.Qxc5 Qxb2 18.Nd4 h6 19.Bxe4 Nxe4  1/2-1/2

[Event "XXVIII Open"]
[Site "Zalakaros HUN"]
[Date "2009.05.09"]
[Round "2"]
[White "Kovacs,Laj2"]
[Black "Pap,G"]
[Result "1/2-1/2"]
[WhiteElo "2126"]
[BlackElo "2466"]

1.d4 Nf6 2.c4 e6 3.Nc3 Bb4 4.Qc2 O-O 5.a3 Bxc3+ 6.Qxc3 b6 7.Bg5 c5 8.e3 h6
9.Bh4 cxd4 10.exd4 Bb7 11.f3 d5 12.Bd3 Nbd7 13.cxd5 Bxd5 14.Ne2 Rc8 15.Qd2 Bc4
16.Bxc4 Rxc4 17.O-O Qa8 18.Rac1 Rxc1 19.Rxc1 Nd5 20.Qc2 b5 21.Qc6 Qxc6 22.Rxc6 N7b6
23.Nc3 Nxc3 24.Rxc3 Nd5 25.Rc5 Rb8 26.Bg3 Rb7 27.Bd6 a5 28.Kf2 a4 29.Rc8+ Kh7
30.Bb4 g5 31.g3 Rc7 32.Rxc7 Nxc7 33.h3 Nd5 34.Bd2 Kg6 35.f4 f5 36.Kf3 Nb6
37.Be1 Nc4 38.Bc3 Nd6 39.Bd2 Ne4 40.Be1 Kf7 41.fxg5 hxg5 42.h4 Kg6 43.Bb4 g4+
44.Kf4 Nf6 45.Ke5 Kf7 46.Bd2 Nd5 47.h5 Nb6 48.Bc3 Nd5 49.Bd2 Nb6 50.Bc3 Nd5  1/2-1/2

[Event "Mitropa Cup"]
[Site "Rogaska Slatina SLO"]
[Date "2009.05.10"]
[Round "2"]
[White "Vavrak,P"]
[Black "Jenni,F"]
[Result "1/2-1/2"]
[WhiteElo "2487"]
[BlackElo "2516"]

1.d4 Nf6 2.c4 e6 3.Nc3 Bb4 4.Qc2 O-O 5.e4 d5 6.e5 Ne4 7.Bd3 c5 8.Ne2 cxd4
9.Nxd4 Nd7 10.Bf4 Ndc5 11.O-O Nxd3 12.Qxd3 Bxc3 13.bxc3 b6 14.cxd5 Qxd5 15.Rad1 Nc5
16.Qg3 Qe4 17.Rfe1 Qg6 18.Qh3 f5 19.Nb5 Bd7 20.Nd6 Bc6 21.Re3 Qg4 22.Qxg4 fxg4
23.Rd4 Nb7 24.Bg5 Nxd6 25.exd6 Bd7 26.Rxg4 Rf5 27.h4 Rc8 28.Bh6 g6 29.Rf4 Rcc5
30.Ref3 Rxf4 31.Rxf4 Rf5 32.Rc4 Rd5 33.Rf4 Rf5 34.Rc4 Rd5 35.Rc7 Rxd6 36.Rxa7 Kf7
37.Ra8 Be8 38.a4 e5 39.Kh2 Rd3 40.Ra7+ Rd7 41.Ra6 Rc7 42.Rxb6 Bxa4 43.Rb4 Bc6
44.Be3 Bd5 45.Bd2 Rc4 46.Kg3 h5 47.f3 Rxb4 48.cxb4 Bc4 49.Kf2 Ke6 50.Ke3 Kd5
51.Bc3 Bf1 52.g3 Bb5 53.f4 exf4+ 54.Kxf4 Bd3  1/2-1/2